[Event "World Senior Teams +50"]
[Site "Radebeul GER"]
[Date "2016.07.02"]
[Round "7.13"]
[Board "3"]
[White "Ungure, Liga"]
[Black "Lehmann, Wolfgang"]
[Result "1/2-1/2"]
[WhiteTitle "WFM"]
[WhiteElo "1950"]
[BlackElo "2048"]
[WhiteTeam "Latvia Women"]
[BlackTeam "SV Dresden-Striesen 1990 e.V."]
[WhiteFideId "11600330"]
[BlackFideId "16212908"]
[EventDate "2016.06.26"]

1. e4 c5 2. Nf3 d6 3. Bb5+ Nd7 4. O-O Nf6 5. Re1 e6 6. c3 a6 7. Bf1 Be7 8. d4
cxd4 9. cxd4 O-O 10. Nc3 e5 11. b3 b5 12. Bb2 Bb7 13. d5 Rc8 14. Rc1 Qb6 1/2-1/2

[Event "World Senior Teams +50"]
[Site "Radebeul GER"]
[Date "2016.07.02"]
[Round "7.13"]
[Board "4"]
[White "Glasewald, Stefan"]
[Black "Priedite, Ingrida"]
[Result "1/2-1/2"]
[BlackTitle "WFM"]
[WhiteElo "2045"]
[BlackElo "2067"]
[WhiteTeam "SV Dresden-Striesen 1990 e.V."]
[BlackTeam "Latvia Women"]
[WhiteFideId "4656504"]
[BlackFideId "11600217"]
[EventDate "2016.06.26"]

1. d4 Nf6 2. Nc3 d5 3. Bg5 Nbd7 4. Nf3 h6 5. Bf4 a6 6. Ne5 e6 7. f3 c5 8. e3 Nh5
9. Nxd7 Bxd7 10. Be5 Qb6 11. Rb1 Be7 12. Be2 O-O 13. O-O f6 14. dxc5 Bxc5 15.
Bd4 Bxd4 16. Qxd4 1/2-1/2

[Event "World Senior Teams +50"]
[Site "Radebeul GER"]
[Date "2016.07.02"]
[Round "7.14"]
[Board "1"]
[White "Denk, Adolf"]
[Black "Just, Joachim"]
[Result "1-0"]
[WhiteTitle "FM"]
[WhiteElo "2256"]
[BlackElo "1926"]
[WhiteTeam "Austria"]
[BlackTeam "Schachfreunde Zeitz"]
[WhiteFideId "1600990"]
[BlackFideId "4648102"]
[EventDate "2016.06.26"]

1. d4 Nf6 2. Nf3 d5 3. c4 e6 4. Nc3 Be7 5. Bg5 O-O 6. e3 h6 7. Bh4 c6 8. Bd3
dxc4 9. Bxc4 b5 10. Bd3 Bb7 11. O-O b4 12. Na4 Nbd7 13. Rc1 Qa5 14. Bb1 Qh5 15.
Bxf6 gxf6 16. Nd2 Qxd1 17. Rfxd1 f5 18. Nb3 Rac8 19. Nac5 Nxc5 20. Nxc5 Ba8 21.
Bd3 Rfd8 22. f4 Rb8 23. Rd2 Rd5 24. Bc4 Rdd8 25. Be2 Rb6 26. Rdc2 Rd6 27. b3 Bf6
28. Bf3 Be7 29. Na4 Ra6 30. Rc4 Kg7 31. Rxb4 Rd8 32. Rbc4 Rc8 33. R1c2 f6 34.
Nc5 Bxc5 35. Rxc5 Rb6 36. Kf2 Bb7 37. Ke1 Kf8 38. Kd2 Ke7 39. Ra5 a6 40. Rac5
Kd6 41. Kc3 Re8 42. b4 Bc8 43. Kb3 Bd7 44. a3 Reb8 45. Be2 Rg8 46. Bf1 Rgb8 47.
Be2 Be8 48. Bf3 Bd7 49. h3 Rg8 50. Kb2 Rg3 51. Kc1 Be8 52. Kd1 h5 53. Ke1 h4 54.
Kf2 Rg7 55. R2c3 Ra7 56. Be2 Bd7 57. Bd3 Ra8 58. e4 fxe4 59. Bxe4 Rh8 60. f5
exf5 61. Bxf5 Bxf5 62. Rxf5 Ke6 63. Rfc5 Kd6 64. Rf3 Rh6 65. Rff5 Rb5 66. Rf3
Rg6 67. Rfc3 Rb6 68. Rh5 Rb5 69. Rxh4 Rbg5 70. g3 a5 71. bxa5 Rxa5 72. Rh8 Rf5+
73. Kg2 Rb5 74. Rc8 Rb6 75. Kf3 Kd7 76. Ra8 Kd6 77. Kf4 Rg5 78. Rd8+ Ke7 79. Rh8
Rd5 80. Ke3 Ke6 81. Re8+ Kd7 82. Re4 Rb1 83. Rf4 Re1+ 84. Kd2 Re6 85. Re3 Red6
86. Kc3 Ra5 87. Kb2 Rad5 88. Ref3 Ke7 89. Rc3 Kd7 90. Rc4 Rb5+ 91. Rb4 Rg5 92.
g4 Re6 93. Rf3 Rg8 94. Rc3 Rh8 95. Rb7+ Kd6 96. Rf3 Kd5 97. Rd7+ Ke4 98. Rf1 Kd3
99. Rf3+ Kc4 100. Rc3+ Kb5 101. Rb3+ Kc4 102. Rc3+ Kb5 103. Kb3 Rb8 104. d5 cxd5
105. Rxd5+ Ka6+ 106. Kc2 Re2+ 107. Kd3 Rbb2 108. Rd6+ Kb5 109. Rd5+ Kb6 110. Kc4
Re4+ 111. Rd4 Re6 112. Rb3+ Rxb3 113. Kxb3 Re3+ 114. Kb4 Kc6 115. Rc4+ Kd5 116.
Rc3 Re8 117. a4 Rb8+ 118. Ka3 Kd4 119. Rf3 Kc4 120. Rf4+ Kc3 121. Rf3+ Kc4 122.
a5 Rb1 123. Rf4+ Kb5 124. Rxf6 Ra1+ 125. Kb3 Rh1 126. Rf5+ Ka6 127. Rh5 1-0

[Event "World Senior Teams +50"]
[Site "Radebeul GER"]
[Date "2016.07.02"]
[Round "7.14"]
[Board "2"]
[White "Reimann, Hubert"]
[Black "Druckenthaner, Andreas"]
[Result "1/2-1/2"]
[BlackTitle "FM"]
[WhiteElo "1956"]
[BlackElo "2281"]
[WhiteTeam "Schachfreunde Zeitz"]
[BlackTeam "Austria"]
[WhiteFideId "4698916"]
[BlackFideId "1600567"]
[EventDate "2016.06.26"]

1. d4 f5 2. Nf3 Nf6 3. e3 e6 4. Bd3 Be7 5. O-O O-O 6. c4 d6 7. Nc3 Nc6 8. a3 e5
9. dxe5 dxe5 10. Be2 e4 11. Nd4 Ne5 12. Nd5 Nxd5 13. cxd5 Bd6 14. Nb5 Rf6 15. b4
Nf3+ 16. Bxf3 Bxh2+ 17. Kxh2 Rh6+ 18. Kg1 Qh4 19. Bh5 Rxh5 20. f4 Bd7 21. Nxc7
Rc8 22. d6 Qh2+ 23. Kf2 Qh4+ 24. Ke2 Bb5+ 25. Nxb5 Qg4+ 26. Kf2 1/2-1/2

[Event "World Senior Teams +50"]
[Site "Radebeul GER"]
[Date "2016.07.02"]
[Round "7.14"]
[Board "3"]
[White "Ernst, Michael"]
[Black "Wilke, Frank"]
[Result "1-0"]
[WhiteElo "2134"]
[BlackElo "1920"]
[WhiteTeam "Austria"]
[BlackTeam "Schachfreunde Zeitz"]
[WhiteFideId "1618393"]
[BlackFideId "16219210"]
[EventDate "2016.06.26"]

1. d4 e6 2. Bf4 d5 3. e3 c5 4. c3 Nc6 5. Nf3 Bd6 6. Bg3 Nge7 7. Nbd2 cxd4 8.
exd4 Qc7 9. Bd3 h6 10. Qe2 Bd7 11. Ne5 Nxe5 12. dxe5 Bc5 13. O-O a6 14. b4 Ba7
15. c4 Bc6 16. Rfc1 Qd8 17. a4 Rc8 18. c5 Bb8 19. b5 axb5 20. axb5 Bd7 21. Nb3
Ng6 22. Na5 O-O 23. Nxb7 Qg5 24. Nd6 f5 25. h4 Nxh4 26. Nxc8 Rxc8 27. Bxh4 Qxh4
28. c6 Be8 29. Ra8 Bh5 30. Qe3 d4 31. Qg3 Qd8 32. Rxb8 1-0

[Event "World Senior Teams +50"]
[Site "Radebeul GER"]
[Date "2016.07.02"]
[Round "7.14"]
[Board "4"]
[White "Just, Fred"]
[Black "Gattermayer, Robert"]
[Result "1-0"]
[WhiteElo "2152"]
[BlackElo "2003"]
[WhiteTeam "Schachfreunde Zeitz"]
[BlackTeam "Austria"]
[WhiteFideId "4643097"]
[BlackFideId "1602870"]
[EventDate "2016.06.26"]

1. d4 Nf6 2. Nf3 b6 3. g3 Bb7 4. Bg2 e6 5. O-O c5 6. e3 Be7 7. c4 O-O 8. Nc3 d6
9. b3 Nbd7 10. Bb2 Rb8 11. Qe2 a6 12. Rfd1 Qc7 13. a4 Rfe8 14. Ne1 Bxg2 15. Nxg2
Bf8 16. Nf4 Qb7 17. d5 e5 18. Nh5 e4 19. Rf1 Nxh5 20. Qxh5 Ne5 21. Nxe4 Nd3 22.
Nf6+ gxf6 23. Qg4+ Bg7 24. Bxf6 1-0

[Event "World Senior Teams +50"]
[Site "Radebeul GER"]
[Date "2016.07.02"]
[Round "7.15"]
[Board "1"]
[White "Wagner-Michel, Annett"]
[Black "Fegan, Chris"]
[Result "1/2-1/2"]
[WhiteTitle "WIM"]
[WhiteElo "2139"]
[BlackElo "2071"]
[WhiteTeam "Germany 1 Women"]
[BlackTeam "England 3"]
[WhiteFideId "4612205"]
[BlackFideId "410047"]
[EventDate "2016.06.26"]

1. e4 d6 2. d4 Nf6 3. Nc3 g6 4. Nf3 Bg7 5. h3 O-O 6. Be3 e5 7. dxe5 dxe5 8. Bc4
Qe7 9. Qe2 c6 10. a4 Be6 11. O-O Bxc4 12. Qxc4 Na6 1/2-1/2

[Event "World Senior Teams +50"]
[Site "Radebeul GER"]
[Date "2016.07.02"]
[Round "7.15"]
[Board "2"]
[White "Fraser-Mitchell, Jeremy N"]
[Black "Mai, Iris"]
[Result "0-1"]
[BlackTitle "WIM"]
[WhiteElo "2061"]
[BlackElo "2094"]
[WhiteTeam "England 3"]
[BlackTeam "Germany 1 Women"]
[WhiteFideId "405000"]
[BlackFideId "4627393"]
[EventDate "2016.06.26"]

1. d4 d5 2. Nf3 Nf6 3. e3 c5 4. b3 cxd4 5. exd4 Bg4 6. Bd3 e6 7. O-O Be7 8. Nbd2
Nc6 9. Bb2 O-O 10. a3 Rc8 11. Qe1 Bh5 12. Ne5 Qb6 13. Nxc6 Rxc6 14. f4 Rc7 15.
Rc1 Bg6 16. Qe2 Bxd3 17. Qxd3 Rfc8 18. Kh1 g6 19. h3 Bf8 20. g4 Bg7 21. Kg2 Rc6
22. Rf2 Qc7 23. c3 Ne8 24. Rcf1 Nd6 25. a4 a6 26. Re2 b5 27. axb5 axb5 28. Nf3
Ne4 29. c4 bxc4 30. bxc4 Rxc4 31. Ne5 Rc2 32. Kf3 Rxe2 33. Qxe2 Rb8 34. Rc1 Rb3+
35. Kg2 Qb7 36. Rc2 h5 37. Nd3 Qb5 38. Nc1 Rg3+ 39. Kh2 Qb8 40. Nd3 hxg4 41.
hxg4 Qb5 42. Nc5 Qxe2+ 43. Rxe2 Rxg4 44. Nxe4 dxe4 45. Rxe4 g5 46. Bc1 gxf4 47.
Kh3 Rg3+ 48. Kh2 Rd3 0-1

[Event "World Senior Teams +50"]
[Site "Radebeul GER"]
[Date "2016.07.02"]
[Round "7.15"]
[Board "3"]
[White "Wolf, Sylvia"]
[Black "Thurstan, Tim M"]
[Result "1-0"]
[WhiteTitle "WFM"]
[BlackTitle "CM"]
[WhiteElo "2034"]
[BlackElo "2079"]
[WhiteTeam "Germany 1 Women"]
[BlackTeam "England 3"]
[WhiteFideId "4612701"]
[BlackFideId "425443"]
[EventDate "2016.06.26"]

1. e4 e6 2. d4 d5 3. e5 c5 4. Nf3 Bd7 5. Bd3 Qb6 6. O-O Nc6 7. a3 cxd4 8. b4
Nge7 9. Bb2 Ng6 10. Re1 Be7 11. Nbd2 f6 12. Bxg6+ hxg6 13. Nb3 fxe5 14. Nxe5
Nxe5 15. Rxe5 Qc7 16. Bxd4 Bf6 17. Qe2 Kf7 18. Nc5 Rh4 19. c3 Rah8 20. h3 Rxd4
21. cxd4 Bxe5 22. dxe5 b6 23. Nxd7 Qxd7 24. Qf3+ Ke7 25. Qg4 Qc7 26. Qg5+ Kf7
27. Rc1 Qb8 28. Rc3 Rh5 29. Rf3+ Kg8 30. Qxg6 Qxe5 31. Qe8+ Kh7 32. Rf8 Kh6 1-0

[Event "World Senior Teams +50"]
[Site "Radebeul GER"]
[Date "2016.07.02"]
[Round "7.15"]
[Board "4"]
[White "Cross, Ian K"]
[Black "Jeske, Kirsten"]
[Result "1/2-1/2"]
[WhiteElo "1685"]
[BlackElo "1960"]
[WhiteTeam "England 3"]
[BlackTeam "Germany 1 Women"]
[WhiteFideId "470155"]
[BlackFideId "4612728"]
[EventDate "2016.06.26"]

1. d4 Nf6 2. Nf3 g6 3. c4 Bg7 4. Nc3 d6 5. e4 O-O 6. Be2 Nbd7 7. O-O e5 8. dxe5
Nxe5 9. Nxe5 dxe5 10. Qxd8 Rxd8 11. Bg5 c6 12. f4 Rd4 13. Rad1 Be6 14. fxe5 Rxd1
15. Rxd1 Nd7 16. Bf4 Nxe5 1/2-1/2

[Event "World Senior Teams +50"]
[Site "Radebeul GER"]
[Date "2016.07.02"]
[Round "7.16"]
[Board "1"]
[White "Hedin, Gunnar"]
[Black "Krebs, Johann"]
[Result "1/2-1/2"]
[BlackTitle "FM"]
[WhiteElo "2171"]
[BlackElo "2273"]
[WhiteTeam "Sweden"]
[BlackTeam "Graz"]
[WhiteFideId "1712381"]
[BlackFideId "1603590"]
[EventDate "2016.06.26"]

1. Nf3 Nf6 2. c4 g6 3. g3 Bg7 4. Bg2 O-O 5. O-O c5 6. d4 cxd4 7. Nxd4 Nc6 8. Nc3
Qa5 9. Nc2 d6 10. Nb5 Be6 11. Bd2 Qd8 12. Ne3 Qd7 13. Re1 Ne5 14. b3 Bh3 15. Bh1
Neg4 16. Qc2 Rac8 17. Nc3 Nxe3 18. Bxe3 Ng4 19. Bd2 b5 20. cxb5 Qxb5 21. Rac1
Qh5 22. Qe4 e6 23. Bf3 Rc5 24. Na4 d5 25. Rxc5 dxe4 26. Rxh5 gxh5 27. Bxe4 Rd8
28. Bf4 h4 29. Rc1 hxg3 30. hxg3 h5 31. Nc5 Bd4 32. Nd3 Kg7 33. Bf3 Kf6 34. Bxg4
Bxg4 35. Kg2 Bxe2 36. Nc5 Bb5 37. Rd1 Rd5 38. Ne4+ Kg6 39. Rh1 f5 40. Nd6 Bd3
41. Nc4 a6 42. Rd1 Bf6 43. Re1 Kf7 44. Ne5+ Bxe5 45. Rxe5 Kf6 46. Rxd5 Be4+ 47.
Kf1 Bxd5 48. Ke2 e5 49. Be3 Ke6 50. f4 Kd6 51. Kd3 Be4+ 52. Kc4 Bb1 53. a3 Bc2
54. Bc5+ Ke6 55. Be3 Kd6 56. Bc5+ Kc6 57. Be3 e4 58. Kc3 Bb1 59. Kd4 Kd6 60. Bd2
Bd3 61. Bb4+ Ke6 62. Ba5 Bc2 63. b4 Kd6 64. Bd8 Kc6 65. Be7 Kb5 66. Kc3 Bd3 67.
Bd6 Kc6 68. Bc5 Kd5 69. a4 Be2 70. Be3 Ke6 71. Kd4 Kd6 72. Bd2 1/2-1/2

[Event "World Senior Teams +50"]
[Site "Radebeul GER"]
[Date "2016.07.02"]
[Round "7.16"]
[Board "2"]
[White "Wegerer, Fred"]
[Black "Holst, Conny"]
[Result "1/2-1/2"]
[WhiteTitle "FM"]
[WhiteElo "2110"]
[BlackElo "2148"]
[WhiteTeam "Graz"]
[BlackTeam "Sweden"]
[WhiteFideId "1601113"]
[BlackFideId "1701428"]
[EventDate "2016.06.26"]

1. c4 e5 2. g3 Nf6 3. Bg2 h6 4. a3 c6 5. d4 exd4 6. Qxd4 d5 7. Nf3 Be7 8. O-O
O-O 9. cxd5 cxd5 10. Rd1 Nc6 11. Qd3 Bg4 12. Bf4 Re8 13. Nc3 Bf8 14. Be3 Bxf3
15. exf3 d4 16. Qc4 Rc8 17. Ne4 Nxe4 18. fxe4 Qb6 19. Bxd4 Nxd4 20. Qxd4 Bc5 21.
Qd2 Red8 22. Qe2 Bd4 23. Rab1 Qb3 24. Rd2 Bc3 25. Rd3 Qa2 26. Rbd1 Rxd3 27. Qxd3
Qxb2 1/2-1/2

[Event "World Senior Teams +50"]
[Site "Radebeul GER"]
[Date "2016.07.02"]
[Round "7.16"]
[Board "3"]
[White "Wademark, Helge"]
[Black "Kainz, Josef"]
[Result "0-1"]
[WhiteElo "2067"]
[BlackElo "1877"]
[WhiteTeam "Sweden"]
[BlackTeam "Graz"]
[WhiteFideId "1701606"]
[BlackFideId "1613030"]
[EventDate "2016.06.26"]

1. e4 c5 2. Nc3 Nc6 3. f4 g6 4. Nf3 Bg7 5. Bb5 Nd4 6. Nxd4 cxd4 7. Ne2 Qb6 8. a4
Nf6 9. d3 O-O 10. Bc4 e5 11. Bb3 Qc5 12. fxe5 Ng4 13. h3 Nxe5 14. Bd2 d6 15. Bd5
Be6 16. Bxb7 Rab8 17. b4 Qb6 18. Bd5 Bxd5 19. exd5 Rbe8 20. O-O Nc4 21. Rb1 Ne3
22. Bxe3 Rxe3 23. Nf4 Rfe8 24. Qg4 Qc7 25. Rf2 Qe7 26. Kh2 h5 27. Qd1 Qg5 28.
Qf1 Qg3+ 29. Kh1 Be5 30. h4 Bxf4 0-1

[Event "World Senior Teams +50"]
[Site "Radebeul GER"]
[Date "2016.07.02"]
[Round "7.16"]
[Board "4"]
[White "Teuschler, Hugo"]
[Black "Kirppo, Ronny"]
[Result "1-0"]
[WhiteElo "2033"]
[BlackElo "1823"]
[WhiteTeam "Graz"]
[BlackTeam "Sweden"]
[WhiteFideId "1608517"]
[BlackFideId "1724681"]
[EventDate "2016.06.26"]

1. e4 c5 2. Nf3 d6 3. d4 cxd4 4. Nxd4 Nf6 5. Nc3 Nc6 6. Bc4 e6 7. Bb3 Be7 8. Be3
O-O 9. O-O a6 10. f4 Nxd4 11. Bxd4 b5 12. e5 dxe5 13. fxe5 Nd7 14. Ne4 Bb7 15.
Nd6 Bxd6 16. exd6 Qg5 17. Rf2 e5 18. Bc3 e4 19. Qf1 Bd5 20. h4 e3 21. hxg5 exf2+
22. Qxf2 Bxb3 23. axb3 Rfe8 24. Qf5 Re6 25. Rf1 Rf8 26. Qd5 Nb6 27. Qd4 1-0

[Event "World Senior Teams +50"]
[Site "Radebeul GER"]
[Date "2016.07.02"]
[Round "7.17"]
[Board "1"]
[White "Bauer, Burkhard"]
[Black "Becker, Norbert"]
[Result "0-1"]
[WhiteElo "2056"]
[BlackElo "2092"]
[WhiteTeam "SV Aufbau Bernburg"]
[BlackTeam "Rochade Bielefeld Revival"]
[WhiteFideId "24664553"]
[BlackFideId "4675649"]
[EventDate "2016.06.26"]

1. d4 e6 2. Nf3 f5 3. g3 Nf6 4. Bg2 Be7 5. c4 O-O 6. O-O d6 7. Nc3 Qe8 8. Qc2
Nc6 9. b3 Qh5 10. a3 e5 11. dxe5 dxe5 12. Nd5 Bd8 13. Bb2 f4 14. Qd1 Bh3 15.
Nxe5 Bxg2 16. Nxf4 Qf5 17. Nxg2 Nxe5 18. f3 Nc6 19. e4 Qc5+ 20. Kh1 Rf7 21. Qe2
Nd4 22. Qe3 Ne6 23. Qc3 c6 24. b4 Qh5 25. c5 Bc7 26. Kg1 Rd7 27. Qb3 Qf7 28.
Rad1 Rad8 29. Ne3 Ng5 30. Qxf7+ Kxf7 31. Kf2 Rd2+ 0-1

[Event "World Senior Teams +50"]
[Site "Radebeul GER"]
[Date "2016.07.02"]
[Round "7.17"]
[Board "2"]
[White "Mueller, Gerhard1"]
[Black "Schmidt, Joerg"]
[Result "0-1"]
[WhiteElo "2110"]
[BlackElo "2112"]
[WhiteTeam "Rochade Bielefeld Revival"]
[BlackTeam "SV Aufbau Bernburg"]
[WhiteFideId "4692829"]
[BlackFideId "4641698"]
[EventDate "2016.06.26"]

1. d4 Nf6 2. Nc3 d5 3. Bg5 e6 4. e4 dxe4 5. Nxe4 Nbd7 6. Nf3 Be7 7. Nxf6+ Nxf6
8. Bd3 h6 9. Bh4 c5 10. dxc5 Qa5+ 11. c3 Qxc5 12. O-O Bd7 13. Qe2 Qh5 14. Qe5
Qxe5 15. Nxe5 Bc6 16. Nxc6 bxc6 17. Rfd1 Nd5 18. Bxe7 Kxe7 19. Be4 Rab8 20. Rd2
Rb6 21. c4 Nf6 22. Bf3 Rd8 23. Rad1 Rxd2 24. Rxd2 c5 25. Kf1 Nd7 26. b3 a5 27.
Ke2 Ne5 28. Ke3 a4 29. Bd1 axb3 30. axb3 Ra6 31. f4 Nc6 32. g4 Ra3 33. Bf3 Na5
34. Be2 Rxb3+ 35. Kf2 Rc3 36. Ra2 Nxc4 37. h4 g6 38. Ra7+ Kf6 39. g5+ hxg5 40.
hxg5+ Kg7 41. Bg4 Rc2+ 42. Kg3 e5 43. Be6 exf4+ 44. Kxf4 Nd6 45. Rd7 Rd2 46.
Bxf7 Rd4+ 0-1

[Event "World Senior Teams +50"]
[Site "Radebeul GER"]
[Date "2016.07.02"]
[Round "7.17"]
[Board "3"]
[White "Wagner, Bernd2"]
[Black "Beilfuss, Wilfried"]
[Result "0-1"]
[WhiteElo "1935"]
[BlackElo "2193"]
[WhiteTeam "SV Aufbau Bernburg"]
[BlackTeam "Rochade Bielefeld Revival"]
[WhiteFideId "24601721"]
[BlackFideId "4607856"]
[EventDate "2016.06.26"]

1. d4 Nf6 2. Nf3 e6 3. e3 b6 4. Nbd2 c5 5. b3 Bb7 6. Bb2 Be7 7. Bd3 cxd4 8. exd4
O-O 9. O-O d6 10. Qe2 Nbd7 11. Rfe1 Nd5 12. Be4 N7f6 13. c4 Nf4 14. Qe3 Nxe4 15.
Nxe4 Ng6 16. Rad1 d5 17. cxd5 Bxd5 18. g3 h6 19. h4 Re8 20. Nc3 Bb4 21. a3 Bxc3
22. Qxc3 Rc8 23. Qd3 Qc7 24. Re3 Ne7 25. Re5 Qc2 26. Re2 Qxb3 27. Qxb3 Bxb3 28.
Rdd2 Rc7 29. Re3 Bd5 30. g4 Rec8 31. Ne1 Bb7 32. Kh2 Nd5 33. Rb3 a5 34. g5 h5
35. Kg3 a4 36. Rbd3 Ne7 37. f4 0-1

[Event "World Senior Teams +50"]
[Site "Radebeul GER"]
[Date "2016.07.02"]
[Round "7.17"]
[Board "4"]
[White "Thoele, Wolfgang"]
[Black "Winnig, Bernd"]
[Result "1/2-1/2"]
[WhiteElo "1990"]
[BlackElo "1999"]
[WhiteTeam "Rochade Bielefeld Revival"]
[BlackTeam "SV Aufbau Bernburg"]
[WhiteFideId "1271030"]
[BlackFideId "4673190"]
[EventDate "2016.06.26"]

1. e4 e6 2. d4 d5 3. exd5 exd5 4. Bd3 Nc6 5. c3 Bd6 6. Ne2 Nf6 7. Bg5 O-O 8. Qd2
Be6 9. O-O Be7 10. Ng3 Ng4 11. Bxe7 Nxe7 12. Qc2 Nf6 13. Nd2 c6 14. Nf3 h6 15.
Rae1 Qc7 16. Ne5 Nd7 17. f4 f6 18. Nxd7 Qxd7 19. Qe2 Bf5 20. Qxe7 Qxe7 21. Rxe7
Bxd3 22. Rfe1 Rf7 23. R1e3 Bc2 24. Re2 Bd3 25. R2e3 Bc2 1/2-1/2

[Event "World Senior Teams +50"]
[Site "Radebeul GER"]
[Date "2016.07.02"]
[Round "7.18"]
[Board "1"]
[White "Frick, Renato"]
[Black "Dettmann, Gerd"]
[Result "0-1"]
[WhiteElo "2014"]
[BlackElo "2187"]
[WhiteTeam "Liechtenstein"]
[BlackTeam "Dettmann"]
[WhiteFideId "12000027"]
[BlackFideId "4630815"]
[EventDate "2016.06.26"]

1. e4 c5 2. Nf3 d6 3. d4 cxd4 4. Nxd4 Nf6 5. Nc3 e5 6. Nb3 Be7 7. Be2 O-O 8. O-O
Be6 9. Kh1 Nbd7 10. f4 Nb6 11. Na5 d5 12. fxe5 Nxe4 13. Nxe4 dxe4 14. Nxb7 Qc7
15. Nd6 Rad8 16. Be3 Bxd6 17. exd6 Rxd6 18. Qe1 Rc6 19. c3 Bc4 20. Bf4 Qe7 21.
Rd1 Bxa2 22. Qd2 Nd5 23. Bg3 Bb3 24. Ra1 Nb6 25. Bf2 Rd8 26. Bd4 h6 27. Ra3 Bc4
28. Rfa1 Rd7 29. b3 e3 30. Qe1 Bxe2 31. Qxe2 Rxd4 32. Rxa7 Rd7 33. Rxd7 Nxd7 0-1

[Event "World Senior Teams +50"]
[Site "Radebeul GER"]
[Date "2016.07.02"]
[Round "7.18"]
[Board "2"]
[White "Dettmann, Holger"]
[Black "Kock, Hans-Uwe"]
[Result "0-1"]
[BlackTitle "FM"]
[WhiteElo "2040"]
[BlackElo "2004"]
[WhiteTeam "Dettmann"]
[BlackTeam "Liechtenstein"]
[WhiteFideId "24636320"]
[BlackFideId "4611020"]
[EventDate "2016.06.26"]

1. d4 Nf6 2. c4 g6 3. Nc3 Bg7 4. e4 d6 5. f3 O-O 6. Be3 e5 7. d5 a5 8. c5 Na6 9.
Bxa6 Rxa6 10. Nge2 Ne8 11. O-O f5 12. Rc1 f4 13. Bf2 g5 14. Nb5 Rf7 15. Nec3 Bf8
16. cxd6 cxd6 17. Nb1 Bd7 18. N1a3 Rg7 19. Rc3 g4 20. fxg4 Bxg4 21. Qc2 Qg5 22.
g3 Qh5 23. Nc7 Nxc7 24. Rxc7 Rg6 25. Rxb7 Ra8 26. Rb3 Bh6 27. Rc3 Rf8 28. Nc4
Bh3 29. Re1 fxg3 30. Rxg3 Qf3 31. Qe2 Qg2+ 32. Rxg2 Rxg2+ 33. Kh1 Rfxf2 34. Qxf2
Rxf2 35. Rg1+ Kf8 36. Nxd6 Bf4 37. Ra1 Rxh2+ 38. Kg1 Rxb2 39. Nc4 Re2 40. Nd6
Be3+ 41. Kh1 Bg2+ 42. Kh2 Bxe4+ 43. Kh3 Bxd5 44. Rf1+ Rf2 45. Re1 Bf4 46. Nf5
Be6 0-1

[Event "World Senior Teams +50"]
[Site "Radebeul GER"]
[Date "2016.07.02"]
[Round "7.19"]
[Board "1"]
[White "Arndt, Olaf"]
[Black "Nake, Matthias"]
[Result "1/2-1/2"]
[WhiteElo "2019"]
[BlackElo "2217"]
[WhiteTeam "SV Horst-Emscher"]
[BlackTeam "SG Gruen-Weiss Dresden"]
[WhiteFideId "4655907"]
[BlackFideId "24653861"]
[EventDate "2016.06.26"]

1. e4 c5 2. Nf3 Nc6 3. Bb5 g6 4. Bxc6 bxc6 5. d4 d6 6. O-O cxd4 7. Qxd4 e5 8.
Qa4 Qc7 9. h3 h6 10. c4 Nf6 11. Nc3 Bd7 12. Qd1 Be7 13. Be3 Be6 14. b3 Rd8 15.
Rc1 Nh5 16. Qd2 g5 17. Nd5 Qb8 18. Nxe7 Kxe7 19. Qc3 f6 20. b4 Nf4 21. Rc2 Rd7
22. Rd1 Qg8 23. c5 d5 24. Bxf4 gxf4 25. Nxe5 fxe5 26. Qxe5 f3 27. g3 Qh7 28.
Rcd2 Rhd8 29. exd5 Rxd5 30. Rxd5 cxd5 31. Re1 Qg6 32. c6 Rc8 33. Qxd5 Kf7 34.
Qxf3+ Qf5 35. Qxf5+ Bxf5 36. g4 Be6 37. b5 a6 38. a4 Bb3 39. Re4 Bd5 40. Rd4 Ke6
41. f4 Kd6 42. Rb4 axb5 43. axb5 Kc5 44. Rb2 Bc4 45. Kf2 Bxb5 46. Kg3 Rxc6 47.
Rd2 Rd6 48. Rxd6 Kxd6 49. Kh4 Be8 50. Kg3 Kd5 51. h4 Ke4 52. h5 1/2-1/2

[Event "World Senior Teams +50"]
[Site "Radebeul GER"]
[Date "2016.07.02"]
[Round "7.19"]
[Board "2"]
[White "Hutschenreiter, Joerg"]
[Black "Goeldenboog, Juergen"]
[Result "1/2-1/2"]
[WhiteElo "2002"]
[BlackElo "1979"]
[WhiteTeam "SG Gruen-Weiss Dresden"]
[BlackTeam "SV Horst-Emscher"]
[WhiteFideId "24669172"]
[BlackFideId "4634004"]
[EventDate "2016.06.26"]

1. d4 d5 2. c4 e5 3. dxe5 d4 4. Nf3 Nc6 5. g3 Be6 6. Nbd2 Qd7 7. Qa4 O-O-O 8. a3
Kb8 9. b4 Nxe5 10. Qxd7 Nxf3+ 11. Nxf3 Rxd7 12. c5 Be7 13. Bg2 Bf6 14. Bg5 c6
15. O-O-O Bxg5+ 16. Nxg5 Nf6 17. Ne4 Nxe4 18. Bxe4 Re8 19. Rd2 Bd5 20. Bxd5 Rxd5
21. Rhd1 Kc7 22. Rxd4 Rxd4 23. Rxd4 1/2-1/2

[Event "World Senior Teams +50"]
[Site "Radebeul GER"]
[Date "2016.07.02"]
[Round "7.19"]
[Board "3"]
[White "Tobczewski, Peter"]
[Black "Rensch, Toralf"]
[Result "0-1"]
[WhiteElo "2012"]
[BlackElo "2086"]
[WhiteTeam "SV Horst-Emscher"]
[BlackTeam "SG Gruen-Weiss Dresden"]
[WhiteFideId "4668200"]
[BlackFideId "12933449"]
[EventDate "2016.06.26"]

1. d4 Nf6 2. Bf4 b6 3. e3 Bb7 4. Nf3 e6 5. Nbd2 Be7 6. Bd3 d5 7. Ne5 O-O 8. Qf3
c5 9. c3 Nbd7 10. Qh3 g6 11. g4 Ne4 12. Bh6 Nxe5 13. dxe5 Nxd2 14. Bxf8 Bxf8 15.
Kxd2 d4 16. Rhd1 c4 17. Bf1 dxc3+ 18. Kxc3 Qc7 19. Bg2 Qxe5+ 20. Kc2 Bg7 21. Rd4
Bd5 22. Bxd5 exd5 23. Qf3 Qe8 24. Rxd5 Qa4+ 25. Kd2 Bxb2 26. Rd1 c3+ 27. Ke2 c2
28. Rd8+ Rxd8 29. Rxd8+ Kg7 30. Qa8 Qxg4+ 31. f3 Qc4+ 32. Kf2 Qh4+ 33. Kg2 c1=Q 0-1